000 00558nam a2200229Ia 4500
003 OSt
005 20221005124602.0
006 a|||||r|||| 00| 0
007 ta
008 221004b |||||||| |||| 00| 0 mal d
024 _a53129
037 _cTextual
040 _aCRL
_cCRL
_bmal
041 _2mal
_amal
082 _aB92, 32J6
100 _aRamachandran C.H.
_9635469
245 0 _aNammute chandran
260 _c1956
650 _aMATHEMATICS
942 _hB92, 32J6
_cTEXL
_2cc
999 _c1050924
_d1050924